000 00559nam a22001811a 4500
001 18787
003 OSt
005 20260204212421.0
008 180903s2013||||ck ||||||b||||||||||spa||
020 _a9789587621716
082 _a658.45 F363c
100 _aFernández López,Sergio
245 _aCómo gestionar la comunicación en organizaciones públicas y no lucrativas/Sergio Fernández López
264 _aBogotá:Ediciones de la U
300 _a268 p.
650 _aComunicación 2.Gestor de la comunicación 3.Externa 4.InternaÌ
942 _2ddc
_cBK
999 _c18787
_d18787